LEADER 01564nam a2200301 i 4500 001 000000241841 003 CaOOAMICUS 005 20230210121526.0 008 150519s1741 be u000 u fre u 026 $aeze. e.la ezi- (c(a (3) 1741 (R) 040 $aSeMil$bita 245 13$aLa mort en desir, ou Preparation a la mort naturelle par la mort mystique. Que l'on peut faire tous les mois, pour apprendre la manière. & le mettre en état de bien mourir. Beati mortui qui in domino moriuntur .. 250 $aTroisième édition, corrigée et augmentée. 260 $aA Bruxelles :$bChez Eugene Frick,$c1741. 300 $avi, [2], 126 p. ;$c12°. 500 $aIniz., fregi, testatine xilogr. 500 $aFregio xilogr. sul front. 500 $aSegn.: a-n4/8 650 4$aMorte - Meditazioni.$0(OLS)http://semarc/subject/5125 650 4$aCristianesimo - Libri di preghiere e devozione francesi.$0(OLS)http://semarc/subject/5124 700 1 $aFrick, Eugene,$c.$0(OLS)http://semarc/name/81867 850 $aSeMil 852 $aSeMil$W1$xVenegono$y1$m3F I 291 FA$j192187$B192187$CSeMilBibl$Z2$F202998 $8I 941 1 $a10 961 $aRecupero: Mantegazza 996 $6245$aLa mort en desir, ou Preparation a la mort naturelle par la mort mystique. Que l'on peut faire tous les mois, pour apprendre la manière. & le mettre en état de bien mourir. Beati mortui qui in domino moriuntur ..$9(OLS)http://semarc/title/343649 996 $6260$aA Bruxelles :$bChez Eugene Frick$9(OLS)http://semarc/publisher/54659 LEADER 01330nam a2200277 i 4500 001 000000179920 003 CaOOAMICUS 005 20190128161158.0 008 090610s2009 it u000 u ita u 013 $a157536 020 $a978-88-8333-199-2 040 $aSeMil$bita 100 1 $aBelda, Manuel,$d<1952- >.$0(OLS)http://semarc/name/24400 245 10$aGuidati dallo Spirito di Dio :$bcorso di teologia spirituale /$cManuel Belda. 260 $aRoma :$bEdusc,$c2009. 300 $a479 p. ;$c21 cm. 490 0 $a Biblioteca scienze religiose / Istituto superiore di scienze religiose all'Apollinare della Pontificia Università della Santa Croce 650 4$aTeologia spirituale.$0(OLS)http://semarc/subject/719 830 0$aBiblioteca scienze religiose / Istituto superiore di scienze religiose all'Apollinare della Pontificia Università della Santa Croce.$0(OLS)http://semarc/title/5894 850 $aSeMil 852 $aSeMil$W1$xVenegono$y1$m2C III 566$j130675$B130675$CSeMilBibl$Z2$F142350 $81 961 $aOmaggio: Como don Giuseppe 996 $6020$a978-88-8333-199-2$9(OLS)http://semarc/number/169173 996 $6245$aGuidati dallo Spirito di Dio :$bcorso di teologia spirituale$9(OLS)http://semarc/title/258335 996 $6260$aRoma :$bEdusc$9(OLS)http://semarc/publisher/31185